[Event "SC Sendenhorst 1 - SK Königsspringer No"]
[Site "Verbandsklasse 2016/2017"]
[Date "2016.09.24"]
[Round "1.1"]
[White "Wetterau, Georg"]
[Black "Korb, Andreas"]
[Result "0-1"]
[WhiteElo "1800"]
[BlackElo "1984"]
[PlyCount "72"]
[EventDate "2016.??.??"]
[SourceDate "2016.10.13"]

1. e4 Nc6 2. Nc3 Nf6 3. g3 d5 4. exd5 Nxd5 5. Bg2 Nxc3 6. bxc3 e5 7. d3 Bc5 8.
Nf3 O-O 9. O-O Bg4 10. h3 Bh5 11. Rb1 Qd6 12. g4 Bg6 13. Rxb7 Bb6 14. Nh4 Rad8
15. Nxg6 hxg6 16. Bg5 f6 17. Be3 Na5 18. Rxa7 Bxa7 19. Bxa7 Qa3 20. c4 Nxc4 21.
Qe2 Nd6 22. Qe3 Qxa2 23. c4 Nc8 24. Bc5 Rfe8 25. Bc6 Re6 26. Bd5 Rxd5 27. cxd5
Qxd5 28. Rc1 Nd6 29. Bb4 Ne8 30. Bc5 f5 31. g5 Nd6 32. Rb1 f4 33. Qc1 Qxd3 34.
Bxd6 Rxd6 35. Rb8+ Kh7 36. Qxc7 Qxh3 0-1

[Event "SC Sendenhorst 1 - SK Königsspringer No"]
[Site "Verbandsklasse 2016/2017"]
[Date "2016.09.24"]
[Round "1.2"]
[White "Teusner, Martin"]
[Black "Sandmann, Matthias"]
[Result "0-1"]
[WhiteElo "1843"]
[BlackElo "1742"]
[PlyCount "116"]
[EventDate "2016.??.??"]
[SourceDate "2016.10.13"]

1. d4 Nf6 2. Nc3 d5 3. Bg5 Bf5 4. f3 Nbd7 5. Qd2 h6 6. Bf4 e6 7. Nb5 e5 8. dxe5
Nh5 9. O-O-O a6 10. Nd4 Bg6 11. e6 Nb6 12. e3 Nxf4 13. exf4 Qf6 14. g4 Bd6 15.
f5 Rf8 16. Qe1 Bh7 17. exf7+ Kxf7 18. h4 Rae8 19. Ne6 Na4 20. c3 Bf4+ 21. Rd2
Bxf5 22. gxf5 Qxf5 23. Bh3 Rxe6 24. Ne2 Bxd2+ 25. Qxd2 Qe5 26. Bxe6+ Kxe6 27.
Re1 Kd6 28. Nd4 Qf4 29. Re6+ Kd7 30. Qxf4 Rxf4 31. Rg6 Rf7 32. Kc2 Nb6 33. b3
Nc8 34. Rg3 Nd6 35. Kd3 c5 36. Ne2 Ke6 37. Rg6+ Ke7 38. f4 Nf5 39. h5 Rf6 40.
Rg2 Kf7 41. Ng1 c4+ 42. bxc4 dxc4+ 43. Ke4 g6 44. Nf3 Nd6+ 45. Ke5 gxh5 46. Rh2
Nb5 47. Nd2 Re6+ 48. Kd5 Nxc3+ 49. Kxc4 Nxa2 50. Nf3 b5+ 51. Kd4 Nb4 52. Rxh5
Nc6+ 53. Kd5 b4 54. Nd2 a5 55. f5 Ne7+ 56. Kc5 Re5+ 57. Kc4 Nxf5 58. Kd3 Rd5+
0-1

[Event "SC Sendenhorst 1 - SK Königsspringer No"]
[Site "Verbandsklasse 2016/2017"]
[Date "2016.09.24"]
[Round "1.3"]
[White "Lerke, Bernd"]
[Black "Janz, Stefan"]
[Result "1/2-1/2"]
[WhiteElo "1860"]
[BlackElo "1796"]
[PlyCount "38"]
[EventDate "2016.??.??"]
[SourceDate "2016.10.13"]

1. e4 c6 2. d4 d5 3. Nc3 dxe4 4. Nxe4 Bf5 5. Ng3 Bg6 6. Nf3 Nd7 7. h4 h6 8. Bd3
Bxd3 9. Qxd3 Ngf6 10. Bd2 e6 11. O-O-O Qc7 12. Ne4 Nxe4 13. Qxe4 Nf6 14. Qe2
Bd6 15. Kb1 O-O-O 16. Rhe1 Rd7 17. Ne5 Bxe5 18. dxe5 Nd5 19. c4 Ne7 1/2-1/2

[Event "SC Sendenhorst 1 - SK Königsspringer No"]
[Site "Verbandsklasse 2016/2017"]
[Date "2016.09.24"]
[Round "1.4"]
[White "Fleischmann, Andre"]
[Black "Mense, Jens-Uwe"]
[Result "1/2-1/2"]
[WhiteElo "1740"]
[BlackElo "1793"]
[PlyCount "35"]
[EventDate "2016.??.??"]
[SourceDate "2016.10.13"]

1. d4 g6 2. e4 Bg7 3. Nc3 d6 4. Be3 a6 5. Qd2 Nd7 6. Nge2 b6 7. f3 Bb7 8. g4 e6
9. h4 h6 10. O-O-O Qe7 11. Bg2 O-O-O 12. Kb1 Kb8 13. Nc1 Qe8 14. Rhe1 Ne7 15.
Nb3 Ka7 16. a4 f5 17. a5 d5 18. exd5 1/2-1/2

[Event "SC Sendenhorst 1 - SK Königsspringer No"]
[Site "Verbandsklasse 2016/2017"]
[Date "2016.09.24"]
[Round "1.5"]
[White "Holstegge, Ludger"]
[Black "Füllborn, Dietrich"]
[Result "0-1"]
[WhiteElo "1829"]
[BlackElo "1683"]
[PlyCount "72"]
[EventDate "2016.??.??"]
[SourceDate "2016.10.13"]

1. Nf3 Nf6 2. g3 d5 3. Bg2 Nc6 4. d4 e6 5. O-O Bd6 6. b3 O-O 7. Bb2 Re8 8. Ne5
Ne7 9. Nd2 c5 10. e3 Nd7 11. f4 f6 12. Nd3 Nf5 13. Qe2 Qb6 14. Nf3 Qc7 15. Qf2
c4 16. Nde1 Nb6 17. c3 Bd7 18. Qd2 a5 19. Nc2 cxb3 20. axb3 a4 21. b4 Nc4 22.
Qc1 b5 23. Ra2 Rac8 24. Ba1 Bc6 25. Bh3 Nh6 26. g4 Nf7 27. Nce1 Re7 28. Nd3
Rce8 29. Raf2 e5 30. fxe5 fxe5 31. Nfxe5 Nfxe5 32. dxe5 Bxe5 33. Nf4 Bf6 34.
Ng2 Bg5 35. Kh1 Nxe3 36. Rg1 h6 0-1

[Event "SC Sendenhorst 1 - SK Königsspringer No"]
[Site "Verbandsklasse 2016/2017"]
[Date "2016.09.24"]
[Round "1.6"]
[White "Specht, Bernfried"]
[Black "Steens, Rudolf"]
[Result "1/2-1/2"]
[WhiteElo "1697"]
[BlackElo "1752"]
[PlyCount "34"]
[EventDate "2016.??.??"]
[SourceDate "2016.10.13"]

1. e4 e6 2. Qe2 c5 3. f4 Nc6 4. c3 Be7 5. g3 Nf6 6. Bg2 d5 7. d3 Qc7 8. Nh3 b6
9. Na3 a6 10. Nf2 Bb7 11. Nc2 h5 12. h3 O-O-O 13. Bd2 g6 14. e5 Nd7 15. b4 g5
16. bxc5 bxc5 17. d4 gxf4 1/2-1/2

[Event "SC Sendenhorst 1 - SK Königsspringer No"]
[Site "Verbandsklasse 2016/2017"]
[Date "2016.09.24"]
[Round "1.7"]
[White "Schmidt, Ralf"]
[Black "Westhues, Ralf"]
[Result "0-1"]
[WhiteElo "1568"]
[BlackElo "1603"]
[PlyCount "118"]
[EventDate "2016.??.??"]
[SourceDate "2016.10.13"]

1. d4 Nf6 2. Nf3 g6 3. Bf4 Bg7 4. e3 d6 5. Be2 O-O 6. O-O c6 7. h3 Nbd7 8. c3
Qc7 9. Bh2 e5 10. Re1 Re8 11. c4 Qa5 12. Nc3 a6 13. a4 h6 14. Rb1 e4 15. Nd2 d5
16. b4 Qd8 17. Qb3 Nf8 18. cxd5 cxd5 19. b5 Ne6 20. Rec1 Re7 21. Rc2 Rd7 22.
Rbc1 Nc7 23. b6 Nce8 24. a5 Bf8 25. Na4 Bd6 26. Rc3 Bxh2+ 27. Kxh2 Re7 28. Qc2
Bd7 29. Nc5 Bb5 30. Bxb5 axb5 31. Ncb3 Nd6 32. Rc7 Nc4 33. Nxc4 bxc4 34. Rxe7
Qxe7 35. Nc5 Rxa5 36. Rb1 Ne8 37. Qc3 Ra2 38. Rb2 Rxb2 39. Qxb2 Nd6 40. Qa3 Qe8
41. Qa7 Qc8 42. Qa4 Kg7 43. g3 c3 44. Qb3 Qc6 45. Qxc3 Qxb6 46. Nd7 Qd8 47. Nc5
Qc8 48. Qb3 Qc6 49. Qb2 b6 50. Na4 Qxa4 51. Qxb6 Qd7 52. Qb8 Nc4 53. Qa8 Qf5
54. Kg2 h5 55. h4 Nd2 56. Qb8 Qf3+ 57. Kg1 Qd1+ 58. Kg2 Qf1+ 59. Kh2 Nf3# 0-1

[Event "SC Sendenhorst 1 - SK Königsspringer No"]
[Site "Verbandsklasse 2016/2017"]
[Date "2016.09.24"]
[Round "1.8"]
[White "Kratz, Alexander"]
[Black "Keller, Hansjürgen"]
[Result "1/2-1/2"]
[WhiteElo "1533"]
[BlackElo "1624"]
[PlyCount "33"]
[EventDate "2016.??.??"]
[SourceDate "2016.10.13"]

1. d4 d5 2. e4 dxe4 3. Nc3 Nf6 4. f3 exf3 5. Nxf3 Bg4 6. h3 Bxf3 7. Qxf3 c6 8.
Bd3 e6 9. O-O Be7 10. Be3 O-O 11. Ne4 Nbd7 12. c3 Nxe4 13. Qxe4 g6 14. Bh6 Re8
15. Rf3 Bg5 16. Bxg5 Qxg5 17. Raf1 1/2-1/2

[Event "SF Neuenkirchen 2 - SK Münster 5"]
[Site "Verbandsklasse 2016/2017"]
[Date "2016.09.24"]
[Round "1.1"]
[White "Vogenauer, Nikolas"]
[Black "Santos Brito, Daniel"]
[Result "0-1"]
[WhiteElo "1697"]
[BlackElo "1936"]
[PlyCount "40"]
[EventDate "2016.??.??"]
[SourceDate "2016.10.13"]

1. d4 g6 2. c4 Bg7 3. Nc3 c5 4. Nf3 d6 5. e4 Bg4 6. d5 Nd7 7. Be2 a6 8. O-O
Ngf6 9. Nd2 Bxe2 10. Qxe2 O-O 11. b3 Nh5 12. Bb2 Nf4 13. Qe3 e5 14. Ne2 Qg5 15.
Qf3 Nxg2 16. Bc3 Ne3+ 17. Kh1 Nxf1 18. Nxf1 Qh4 19. Rb1 f5 20. Neg3 f4 0-1

[Event "SF Neuenkirchen 2 - SK Münster 5"]
[Site "Verbandsklasse 2016/2017"]
[Date "2016.09.24"]
[Round "1.2"]
[White "Rengers, Rainer"]
[Black "Peters, Helmut"]
[Result "1/2-1/2"]
[WhiteElo "1716"]
[BlackElo "2089"]
[PlyCount "66"]
[EventDate "2016.??.??"]
[SourceDate "2016.10.13"]

1. d4 Nf6 2. Nf3 e6 3. c4 b6 4. g3 Bb7 5. Bg2 Be7 6. O-O O-O 7. Nc3 Ne4 8. Qc2
Nxc3 9. bxc3 f5 10. d5 Bf6 11. Ba3 d6 12. Rad1 Qe8 13. dxe6 Be4 14. Qc1 Qxe6
15. Nd4 Bxd4 16. cxd4 Bxg2 17. Kxg2 Qxe2 18. Rfe1 Qg4 19. Re7 f4 20. f3 Qc8 21.
Rde1 Nc6 22. R7e4 fxg3 23. hxg3 Qd7 24. d5 Ne5 25. Rxe5 dxe5 26. Bxf8 Rxf8 27.
Rxe5 Re8 28. Qe3 Rxe5 29. Qxe5 h6 30. g4 Qd6 31. Qe8+ Kh7 32. Qe4+ Kg8 33. Qe8+
Kh7 1/2-1/2

[Event "SF Neuenkirchen 2 - SK Münster 5"]
[Site "Verbandsklasse 2016/2017"]
[Date "2016.09.24"]
[Round "1.4"]
[White "Carstensen, Jens"]
[Black "Schmitt, Konrad"]
[Result "0-1"]
[WhiteElo "1693"]
[BlackElo "1684"]
[PlyCount "82"]
[EventDate "2016.??.??"]
[SourceDate "2016.10.13"]

1. d4 Nf6 2. Nf3 d5 3. e3 Bg4 4. Bd3 e6 5. Nbd2 c5 6. c3 Nc6 7. O-O Bd6 8. dxc5
Bxc5 9. Qc2 Rc8 10. e4 Bd6 11. exd5 Nxd5 12. Qa4 Bh5 13. Bb5 a6 14. Bd3 Bg6 15.
Bxg6 hxg6 16. Ne4 Be7 17. Neg5 Qa5 18. Qg4 Nf6 19. Qf4 Qc7 20. Qc4 b5 21. Qe2
Nd5 22. g3 Rh5 23. Re1 Nd8 24. Bd2 Qc4 25. Qd1 Bf6 26. Ne4 Be7 27. b3 Qd3 28.
g4 Rh8 29. Ne5 Qh3 30. Qf3 Qxh2+ 31. Kf1 Qh1+ 32. Ke2 Qxf3+ 33. Kxf3 Nc6 34.
Nxc6 Rxc6 35. Kg2 Nf6 36. Rac1 Nxg4 37. Bf4 Nf6 38. Nd2 Ba3 39. Rc2 Nd5 40. Be5
f6 41. Bd4 Nb4 0-1

[Event "SF Neuenkirchen 2 - SK Münster 5"]
[Site "Verbandsklasse 2016/2017"]
[Date "2016.09.24"]
[Round "1.5"]
[White "Kamp, Aaron"]
[Black "Winter, Reinhold"]
[Result "1-0"]
[WhiteElo "1609"]
[BlackElo "1567"]
[PlyCount "133"]
[EventDate "2016.??.??"]
[SourceDate "2016.10.13"]

1. e4 c6 2. d4 d5 3. exd5 cxd5 4. Nf3 Bg4 5. c4 Nf6 6. cxd5 Nxd5 7. Qb3 Nb6 8.
Bb5+ N8d7 9. Ne5 Be6 10. Bxd7+ Nxd7 11. Qxb7 Nxe5 12. dxe5 Bd5 13. Qb5+ Qd7 14.
Qxd7+ Kxd7 15. O-O Ke6 16. Bf4 Rb8 17. b3 g6 18. Nc3 Bc6 19. Rac1 Bg7 20. Ne2
Ba8 21. Nd4+ Kd7 22. e6+ fxe6 23. Bxb8 Rxb8 24. Rfd1 Bd5 25. Nf3 Rc8 26. Rxc8
Kxc8 27. Re1 h6 28. Ne5 g5 29. Rc1+ Kb7 30. Nc4 Bd4 31. Ne3 Be4 32. Rc4 e5 33.
Kh1 a5 34. Ng4 Bd3 35. Rc1 h5 36. Ne3 e6 37. Nc4 Bxc4 38. Rxc4 Bxf2 39. g3 g4
40. Kg2 Bd4 41. Kf1 Kb6 42. Ke2 Bg1 43. Kf1 Bd4 44. Rc8 Kb5 45. Rc4 Kb6 46. Kg2
Kb7 47. h3 Kb6 48. hxg4 hxg4 49. Kf1 Kb5 50. Ke2 Kb6 51. Kd3 Kb5 52. Kc2 Kb6
53. a3 Kb5 54. Kd3 Kb6 55. Rxd4 exd4 56. Kxd4 Kb5 57. Ke5 Kc5 58. Kxe6 Kd4 59.
Kf5 Kc3 60. b4 axb4 61. axb4 Kxb4 62. Kxg4 Kc5 63. Kf5 Kd6 64. Kf6 Kd7 65. Kf7
Kd6 66. g4 Ke5 67. g5 1-0

[Event "SF Neuenkirchen 2 - SK Münster 5"]
[Site "Verbandsklasse 2016/2017"]
[Date "2016.09.24"]
[Round "1.7"]
[White "Schlagheck, Thomas"]
[Black "Bäumker, Andreas"]
[Result "1/2-1/2"]
[WhiteElo "1654"]
[BlackElo "1458"]
[PlyCount "44"]
[EventDate "2016.??.??"]
[SourceDate "2016.10.13"]

1. e4 d6 2. d4 Nf6 3. Nc3 g6 4. Nf3 Bg7 5. Be2 O-O 6. O-O Nbd7 7. Bf4 Nh5 8.
Bg3 Nxg3 9. hxg3 Re8 10. Bc4 e5 11. dxe5 Nxe5 12. Nxe5 Rxe5 13. f4 Rc5 14. Qd3
Bg4 15. Rae1 Bxc3 16. bxc3 c6 17. Qd4 b6 18. Rf2 b5 19. Bb3 Qb6 20. Qxd6 Rd8
21. Qf6 Rd7 22. e5 Qd8 1/2-1/2

[Event "SF Neuenkirchen 2 - SK Münster 5"]
[Site "Verbandsklasse 2016/2017"]
[Date "2016.09.24"]
[Round "1.8"]
[White "Thomann, Henning"]
[Black "Van Lindt, Chiara"]
[Result "0-1"]
[WhiteElo "1288"]
[BlackElo "1533"]
[PlyCount "48"]
[EventDate "2016.??.??"]
[SourceDate "2016.10.13"]

1. d4 c6 2. Nf3 d5 3. Bf4 Nf6 4. c3 Qb6 5. Qc2 Bg4 6. Nbd2 e6 7. e3 c5 8. Be2
Nc6 9. O-O Be7 10. h3 Bf5 11. Qc1 Rc8 12. Nh4 Be4 13. f3 Bg6 14. Nxg6 hxg6 15.
dxc5 Bxc5 16. Nb3 Nh5 17. Bg5 Ng3 18. Re1 Bd6 19. Qc2 Rh5 20. f4 Qxe3+ 21. Kh2
Rxg5 22. fxg5 Nxe2+ 23. Kh1 Qg3 24. Qxe2 Qh2# 0-1

[Event "SF Beelen 2 - SG Turm Raesfeld/Erle 2"]
[Site "Verbandsklasse 2016/2017"]
[Date "2016.09.24"]
[Round "1.1"]
[White "Bölker, Franz"]
[Black "Fuisting, Dominik"]
[Result "1/2-1/2"]
[WhiteElo "1798"]
[BlackElo "1700"]
[PlyCount "40"]
[EventDate "2016.??.??"]
[SourceDate "2016.10.13"]

1. d4 d5 2. c4 e6 3. Nc3 c6 4. Nf3 f5 5. Bf4 Nf6 6. h3 Ne4 7. a3 Bd6 8. Bxd6
Qxd6 9. c5 Qe7 10. Ne5 Nd7 11. Nxe4 fxe4 12. Rc1 Nxe5 13. dxe5 e3 14. Qd4 exf2+
15. Kd1 O-O 16. Rc3 Qg5 17. Rf3 Bd7 18. g4 Rxf3 19. exf3 Rf8 20. h4 Qg6 1/2-1/2

[Event "SF Beelen 2 - SG Turm Raesfeld/Erle 2"]
[Site "Verbandsklasse 2016/2017"]
[Date "2016.09.24"]
[Round "1.2"]
[White "Hanewinkel, Christian"]
[Black "Fasselt, Hendrik"]
[Result "1/2-1/2"]
[WhiteElo "1672"]
[BlackElo "1822"]
[PlyCount "124"]
[EventDate "2016.??.??"]
[SourceDate "2016.10.13"]

1. e4 e5 2. Nf3 d6 3. d4 exd4 4. Nxd4 Nf6 5. Nc3 Be7 6. Bd3 O-O 7. Bf4 Nbd7 8.
O-O Nc5 9. Re1 Ne6 10. Nxe6 Bxe6 11. h3 c6 12. e5 dxe5 13. Bxe5 Re8 14. Qf3 Nd7
15. Rad1 Qa5 16. Qg3 Nxe5 17. Rxe5 Qc7 18. Bxh7+ Kf8 19. Ne4 Rad8 20. Re1 Rd5
21. f4 Rxe5 22. fxe5 Qb6+ 23. Kh2 Qxb2 24. Nd6 Bxd6 25. exd6 Qd4 26. Re4 Qd5
27. c4 Qc5 28. Qf4 g5 29. Qg3 Rd8 30. Re5 Qxd6 31. Qxg5 Ke8 32. c5 Qc7 33. Qf4
Kd7 34. Bf5 Kc8 35. Bxe6+ fxe6 36. Re4 Qe7 37. Qe5 Rd5 38. Qh8+ Kc7 39. Qc3
Rxc5 40. Rxe6 Qxe6 41. Qxc5 Qxa2 42. h4 Qe6 43. h5 Qg4 44. Qe7+ Kb6 45. Qd8+
Ka6 46. Qd3+ b5 47. Qf3 Qe6 48. g4 b4 49. g5 Qe5+ 50. Kh3 Qxg5 51. Qxc6+ Ka5
52. h6 b3 53. Qc7+ Kb4 54. Qg7 Qe3+ 55. Kh4 Qf2+ 56. Kg5 b2 57. Qb7+ Kc4 58.
Qe4+ Kc3 59. h7 Qg1+ 60. Kh4 Qh2+ 61. Kg5 Qg1+ 62. Kh4 Qh2+ 1/2-1/2

[Event "SF Beelen 2 - SG Turm Raesfeld/Erle 2"]
[Site "Verbandsklasse 2016/2017"]
[Date "2016.09.24"]
[Round "1.3"]
[White "Brömmel, Chris"]
[Black "Wältermann, Thomas"]
[Result "1-0"]
[WhiteElo "1770"]
[BlackElo "1742"]
[PlyCount "65"]
[EventDate "2016.??.??"]
[SourceDate "2016.10.13"]

1. e4 c5 2. Nf3 d6 3. c3 Nf6 4. Qc2 Qc7 5. Bc4 e6 6. d3 Bd7 7. a4 a6 8. O-O Be7
9. Bg5 O-O 10. Nbd2 Nc6 11. Rfe1 e5 12. Nf1 Na5 13. Ne3 b5 14. Bd5 Bc6 15. Bxf6
Bxf6 16. axb5 axb5 17. b4 Nb7 18. Ra2 Ra4 19. Rea1 Rfa8 20. Bb3 Rxa2 21. Rxa2
Rxa2 22. Qxa2 c4 23. dxc4 bxc4 24. Bxc4 Bxe4 25. Nd2 Bg6 26. Nd5 Qb8 27. Qa6
Bg5 28. Nb3 Bc2 29. Qb6 Qa8 30. Na5 Nxa5 31. bxa5 e4 32. a6 Bd8 33. Qb7 1-0

[Event "SF Beelen 2 - SG Turm Raesfeld/Erle 2"]
[Site "Verbandsklasse 2016/2017"]
[Date "2016.09.24"]
[Round "1.4"]
[White "Radinger, Rudolf"]
[Black "Kadenbach, Wolfgang"]
[Result "1/2-1/2"]
[WhiteElo "1602"]
[BlackElo "1746"]
[PlyCount "149"]
[EventDate "2016.??.??"]
[SourceDate "2016.10.13"]

1. e4 e6 2. d4 d5 3. Nc3 Bb4 4. exd5 exd5 5. Bd3 Ne7 6. Nge2 Bf5 7. O-O O-O 8.
Bg5 Bxd3 9. Qxd3 Qd7 10. a3 Bd6 11. Nb5 c6 12. Nxd6 Qxd6 13. Bf4 Qg6 14. Qxg6
Nxg6 15. Bg3 Nd7 16. Rfe1 Rfe8 17. Nf4 Nxf4 18. Bxf4 Re6 19. Rxe6 fxe6 20. Re1
Kf7 21. f3 Rc8 22. Re3 Kf6 23. Kf2 Kf5 24. Bd6 Kf6 25. Ke2 Re8 26. Be5+ Nxe5
27. Rxe5 c5 28. c3 cxd4 29. cxd4 Rc8 30. Kd3 a5 31. Re2 b5 32. f4 a4 33. g3 Rc6
34. g4 h6 35. h4 Rc1 36. Rg2 Rh1 37. h5 Rh3+ 38. Ke2 Rb3 39. Ke1 g5 40. hxg6
Kxg6 41. Re2 Kf6 42. Rh2 Kg7 43. Re2 Kf7 44. Rh2 Rg3 45. Rxh6 Rxg4 46. Rh7+ Kf6
47. Rb7 Rxf4 48. Rxb5 Rxd4 49. Ke2 Ke5 50. Ke3 Rh4 51. Kd3 Rc4 52. Ke3 Kd6 53.
Rb6+ Ke7 54. Rb7+ Kf6 55. Rb6 Kf5 56. Rb5 Rg4 57. Kd3 Rg3+ 58. Kd4 Rg4+ 59. Ke3
Ke5 60. Kf3 Rf4+ 61. Kg3 Rd4 62. Kf3 Rd3+ 63. Ke2 Rb3 64. Rxb3 axb3 65. Kd3 Kd6
66. Kc3 e5 67. Kxb3 e4 68. Kc3 e3 69. Kd3 d4 70. b4 Kc6 71. a4 Kd5 72. a5 Kc6
73. Ke2 Kb5 74. Kd3 Ka6 75. Ke2 1/2-1/2

[Event "SF Beelen 2 - SG Turm Raesfeld/Erle 2"]
[Site "Verbandsklasse 2016/2017"]
[Date "2016.09.24"]
[Round "1.5"]
[White "Suer, Julian"]
[Black "Hofene, Markus"]
[Result "1-0"]
[WhiteElo "1730"]
[BlackElo "1656"]
[PlyCount "77"]
[EventDate "2016.??.??"]
[SourceDate "2016.10.13"]

1. e4 d5 2. exd5 Nf6 3. d4 Nxd5 4. c4 Nf6 5. Nf3 c6 6. Nc3 Bg4 7. Be2 Nbd7 8.
O-O e6 9. d5 Nb6 10. dxc6 bxc6 11. Ne5 Qxd1 12. Rxd1 Bxe2 13. Nxe2 Nfd7 14.
Nxc6 Nxc4 15. b3 Ncb6 16. Bb2 Rc8 17. Rac1 a6 18. Ne5 Nxe5 19. Bxe5 f6 20. Bd4
Rxc1 21. Rxc1 Nd7 22. Rc6 e5 23. Be3 a5 24. Ra6 Kf7 25. Rxa5 Be7 26. Rd5 Ke6
27. Rd1 Ra8 28. a4 Nc5 29. Bxc5 Bxc5 30. Nc3 Bb4 31. Nb5 Rc8 32. Kf1 Rc2 33.
Ra1 Kd7 34. a5 Rc8 35. Rd1+ Ke6 36. a6 Bc5 37. Rc1 Kd7 38. a7 Kc6 39. b4 1-0

[Event "SF Beelen 2 - SG Turm Raesfeld/Erle 2"]
[Site "Verbandsklasse 2016/2017"]
[Date "2016.09.24"]
[Round "1.6"]
[White "Bleier, Thomas"]
[Black "Droste, Laurenz"]
[Result "1/2-1/2"]
[WhiteElo "1648"]
[BlackElo "1648"]
[PlyCount "65"]
[EventDate "2016.??.??"]
[SourceDate "2016.10.13"]

1. e4 e6 2. d4 b6 3. Nc3 Bb4 4. Bd3 Bb7 5. Qg4 Nf6 6. Qh4 Nxe4 7. Qxd8+ Kxd8 8.
Nge2 Nxc3 9. Nxc3 g6 10. O-O Bxc3 11. bxc3 Nc6 12. Bg5+ Ne7 13. Bf6 Rg8 14.
Rfe1 Ke8 15. c4 d5 16. Rab1 dxc4 17. Bxc4 Nd5 18. Bg5 Kd7 19. Bb3 Nc3 20. Rbc1
b5 21. Re3 Ne4 22. Bf4 g5 23. Be5 h5 24. f3 Nd6 25. c4 bxc4 26. Bxc4 Nf5 27.
Rb3 Bc6 28. Bb5 Ne7 29. Bxc6+ Nxc6 30. Rbc3 Nxe5 31. Rxc7+ Kd6 32. dxe5+ Kxe5
33. Rxf7 1/2-1/2

[Event "SF Beelen 2 - SG Turm Raesfeld/Erle 2"]
[Site "Verbandsklasse 2016/2017"]
[Date "2016.09.24"]
[Round "1.7"]
[White "Hoffmann, Fabian"]
[Black "Grothues, Fabian"]
[Result "1-0"]
[WhiteElo "1653"]
[BlackElo "1562"]
[PlyCount "67"]
[EventDate "2016.??.??"]
[SourceDate "2016.10.13"]

1. e4 g6 2. d4 Bg7 3. Nf3 d6 4. Nc3 Bg4 5. Bc4 Nf6 6. h3 Bxf3 7. Qxf3 Nbd7 8.
O-O e5 9. d5 O-O 10. Be3 Nh5 11. Bd3 a6 12. g3 Qf6 13. Qg4 Qe7 14. b4 a5 15. a3
Nhf6 16. Qf3 Nh5 17. Rfb1 b6 18. Nb5 Rfc8 19. c4 c6 20. Nc3 cxd5 21. Nxd5 Qd8
22. bxa5 bxa5 23. Rb7 Nhf6 24. Bg5 h6 25. Bxf6 Nxf6 26. Ne7+ Kf8 27. Nxc8 Qxc8
28. Rab1 Qxh3 29. Rb8+ Rxb8 30. Rxb8+ Ke7 31. Bf1 Qd7 32. Qb3 Qc6 33. Rb7+ Kf8
34. c5 1-0

[Event "Schach Nienberge 2 - SK Metelen 1"]
[Site "Verbandsklasse 2016/2017"]
[Date "2016.09.24"]
[Round "1.1"]
[White "Schudro, Vasily"]
[Black "da Costa Campos, André"]
[Result "0-1"]
[WhiteElo "2075"]
[BlackElo "1909"]
[PlyCount "76"]
[EventDate "2016.??.??"]
[SourceDate "2016.10.13"]

1. e4 e5 2. Nf3 Nc6 3. Nc3 Nf6 4. Bb5 Bc5 5. O-O d6 6. d4 exd4 7. Nd5 a6 8. Ba4
b5 9. Bb3 h6 10. Nf4 O-O 11. Bd5 Nxd5 12. exd5 Ne5 13. Nxd4 Bg4 14. f3 Bd7 15.
Kh1 Re8 16. c3 Qf6 17. Nfe2 Nc4 18. Ng3 Bxd4 19. cxd4 Nb6 20. Ne4 Qf5 21. g4
Qxd5 22. Nc3 Qc4 23. Bf4 Nd5 24. Nxd5 Qxd5 25. h3 Re6 26. Qd2 Rae8 27. Rf2 g5
28. Bg3 Re3 29. Raf1 Qxa2 30. Be5 Qb3 31. Bh2 Rd3 32. Qc1 c6 33. Bxd6 Ree3 34.
Kg2 Qd5 35. Bc5 f5 36. Qa1 fxg4 37. hxg4 Bxg4 38. Qxa6 Rxf3 0-1

[Event "Schach Nienberge 2 - SK Metelen 1"]
[Site "Verbandsklasse 2016/2017"]
[Date "2016.09.24"]
[Round "1.2"]
[White "Melkert, Tim"]
[Black "Bernink, Henk"]
[Result "1-0"]
[WhiteElo "1861"]
[BlackElo "2124"]
[PlyCount "90"]
[EventDate "2016.??.??"]
[SourceDate "2016.10.13"]

1. e4 c6 2. d4 d5 3. e5 h5 4. Be2 g6 5. Nf3 Bg4 6. Nbd2 e6 7. O-O Nh6 8. h3 Nf5
9. c3 Nd7 10. Re1 Bh6 11. Nf1 Bxc1 12. Rxc1 Bxf3 13. Bxf3 Qe7 14. Qd2 O-O-O 15.
c4 dxc4 16. Rxc4 Nb6 17. Rb4 Kb8 18. Ne3 c5 19. Nxf5 gxf5 20. Rb5 Rxd4 21. Qa5
Nd5 22. Rxc5 b6 23. Rb5 Rc8 24. Qa6 Rc5 25. Rxc5 Qxc5 26. Bxh5 Rd2 27. Re2 Rd1+
28. Kh2 Qc1 29. Qa4 Rh1+ 30. Kg3 Qg5+ 31. Bg4 fxg4 32. Qe8+ Kb7 33. Qxf7+ Nc7
34. hxg4 Qh4+ 35. Kf3 Rd1 36. Rc2 Qd8 37. Qh7 Rd3+ 38. Ke2 Rd7 39. Qe4+ Nd5 40.
f4 Qh4 41. Kf3 Rf7 42. f5 Kb8 43. Rc6 Nc7 44. f6 Rh7 45. g5 Qxg5 1-0

[Event "Schach Nienberge 2 - SK Metelen 1"]
[Site "Verbandsklasse 2016/2017"]
[Date "2016.09.24"]
[Round "1.3"]
[White "Zachej, Arne"]
[Black "Kluczka, Konrad"]
[Result "1/2-1/2"]
[WhiteElo "1879"]
[BlackElo "1817"]
[PlyCount "73"]
[EventDate "2016.??.??"]
[SourceDate "2016.10.13"]

1. d4 d5 2. Nf3 Nf6 3. c4 e6 4. Nc3 c6 5. Bg5 Be7 6. e3 Nbd7 7. cxd5 Nxd5 8.
Bxe7 Qxe7 9. Nxd5 exd5 10. Bd3 Nf6 11. O-O Bg4 12. Rb1 Ne4 13. Qc2 Bxf3 14.
gxf3 Qg5+ 15. Kh1 Nd6 16. e4 Qf4 17. Qe2 O-O 18. Rg1 f5 19. e5 Rae8 20. Qe3
Qxe3 21. fxe3 Nf7 22. Rg3 Nd8 23. Rg5 g6 24. Rbg1 Kh8 25. f4 Ne6 26. R5g2 c5
27. dxc5 Nxc5 28. Rd1 Ne6 29. Bc2 d4 30. Ba4 Rd8 31. exd4 Rxd4 32. Rxd4 Nxd4
33. Bd7 Rf7 34. e6 Re7 35. Rd2 Nxe6 36. Bxe6 Rxe6 37. Rd7 1/2-1/2

[Event "Schach Nienberge 2 - SK Metelen 1"]
[Site "Verbandsklasse 2016/2017"]
[Date "2016.09.24"]
[Round "1.4"]
[White "Schipke, Thorsten"]
[Black "Grotenhuis, Gerard"]
[Result "0-1"]
[WhiteElo "1813"]
[BlackElo "1871"]
[PlyCount "72"]
[EventDate "2016.??.??"]
[SourceDate "2016.10.13"]

1. e4 d5 2. exd5 Qxd5 3. Nc3 Qd6 4. d4 Nf6 5. h3 a6 6. Nf3 Nc6 7. Bd3 Be6 8.
O-O O-O-O 9. Be3 h6 10. Ne2 g5 11. Nh2 Nd5 12. c4 Nf4 13. Bxf4 gxf4 14. Nf3 Rg8
15. Kh2 Bg7 16. d5 Ne5 17. Be4 f5 18. c5 Qxc5 19. Rc1 Qd6 20. Nxe5 fxe4 21. Nc4
Qc5 22. Nxf4 Bf7 23. Qb3 Kb8 24. Ne5 Qxc1 25. Rxc1 Bxe5 26. Qe3 Bxd5 27. g3 Bc6
28. Rc2 Rd6 29. b4 Bd4 30. Qb3 Rf8 31. a4 e5 32. b5 exf4 33. bxc6 fxg3+ 34.
Kxg3 Rf3+ 35. Qxf3 exf3 36. cxb7 Rf6 0-1

[Event "Schach Nienberge 2 - SK Metelen 1"]
[Site "Verbandsklasse 2016/2017"]
[Date "2016.09.24"]
[Round "1.5"]
[White "Wigger, Frank"]
[Black "Dirks, Frank"]
[Result "1-0"]
[WhiteElo "1800"]
[BlackElo "1782"]
[PlyCount "123"]
[EventDate "2016.??.??"]
[SourceDate "2016.10.13"]

1. e4 b6 2. d4 Bb7 3. Bd3 e6 4. Nf3 Nf6 5. Qe2 d6 6. O-O Be7 7. c4 h6 8. Nc3
Nbd7 9. Re1 e5 10. b3 c5 11. dxe5 Nxe5 12. Nxe5 dxe5 13. Bb2 Bd6 14. Rad1 a6
15. Bb1 Qc7 16. Nd5 Bxd5 17. exd5 Nd7 18. f4 f6 19. Qh5+ Ke7 20. Bf5 Rae8 21.
Qg6 Rhg8 22. Be6 Rgf8 23. fxe5 Nxe5 24. Bxe5 fxe5 25. Qxg7+ Kd8 26. Qxc7+ Kxc7
27. Rf1 Rf4 28. Rxf4 exf4 29. Re1 Rf8 30. Kf2 Re8 31. Kf3 Re7 32. Re4 Rg7 33.
Bg4 Re7 34. h3 Kd8 35. Re6 Rxe6 36. dxe6 Kc7 37. Ke4 Kd8 38. Kf5 Ke8 39. Kg6
Bf8 40. Bh5 Kd8 41. Kf6 Be7+ 42. Ke5 Kc7 43. Kxf4 Kd6 44. Kf5 Bg5 45. g3 b5 46.
Be2 b4 47. h4 Be7 48. Bd3 Bd8 49. Be4 Ke7 50. Kg6 Bc7 51. Kxh6 Bxg3 52. Kg5 Be5
53. h5 Bd4 54. Kg6 Bf6 55. h6 a5 56. Kf5 Bd4 57. Bf3 Bh8 58. Bg4 Bd4 59. Kg6
Bf6 60. Bh3 Be5 61. Kh7 Bf4 62. Kg7 1-0